<?xml version="1.0" encoding="UTF-8"?><?xml-stylesheet type="text/xsl" href="static/style.xsl"?><OAI-PMH xmlns="http://www.openarchives.org/OAI/2.0/" xmlns:xsi="http://www.w3.org/2001/XMLSchema-instance" xsi:schemaLocation="http://www.openarchives.org/OAI/2.0/ http://www.openarchives.org/OAI/2.0/OAI-PMH.xsd"><responseDate>2026-04-13T00:11:45Z</responseDate><request verb="GetRecord" identifier="oai:www.recercat.cat:2072/361252" metadataPrefix="marc">https://recercat.cat/oai/request</request><GetRecord><record><header><identifier>oai:recercat.cat:2072/361252</identifier><datestamp>2024-12-23T14:54:17Z</datestamp><setSpec>com_2072_352787</setSpec><setSpec>com_2072_351515</setSpec><setSpec>com_2072_1741</setSpec><setSpec>col_2072_352789</setSpec></header><metadata><record xmlns="http://www.loc.gov/MARC21/slim" xmlns:dcterms="http://purl.org/dc/terms/" xmlns:xsi="http://www.w3.org/2001/XMLSchema-instance" xmlns:doc="http://www.lyncode.com/xoai" xsi:schemaLocation="http://www.loc.gov/MARC21/slim http://www.loc.gov/standards/marcxml/schema/MARC21slim.xsd">
   <leader>00925njm 22002777a 4500</leader>
   <datafield ind2=" " ind1=" " tag="042">
      <subfield code="a">dc</subfield>
   </datafield>
   <datafield ind2=" " ind1=" " tag="720">
      <subfield code="a">Riyahi, Sepand</subfield>
      <subfield code="e">author</subfield>
   </datafield>
   <datafield ind2=" " ind1=" " tag="720">
      <subfield code="a">Vilatersana, Roser</subfield>
      <subfield code="e">author</subfield>
   </datafield>
   <datafield ind2=" " ind1=" " tag="720">
      <subfield code="a">Schrey, Aaron W.</subfield>
      <subfield code="e">author</subfield>
   </datafield>
   <datafield ind2=" " ind1=" " tag="720">
      <subfield code="a">Node, Hassan Ghorbani</subfield>
      <subfield code="e">author</subfield>
   </datafield>
   <datafield ind2=" " ind1=" " tag="720">
      <subfield code="a">Aliabadian, Mansour</subfield>
      <subfield code="e">author</subfield>
   </datafield>
   <datafield ind2=" " ind1=" " tag="720">
      <subfield code="a">Senar, Juan Carlos</subfield>
      <subfield code="e">author</subfield>
   </datafield>
   <datafield ind2=" " ind1=" " tag="260">
      <subfield code="c">2017</subfield>
   </datafield>
   <datafield ind2=" " ind1=" " tag="520">
      <subfield code="a">Epigenetic modifications can respond rapidly to environmental
changes and can shape phenotypic variation in accordance with
environmental stimuli. One of the most studied epigenetic marks is
DNA methylation. In the present study, we used the methylationsensitive amplified polymorphism (MSAP) technique to investigate
the natural variation in DNA methylation within and among
subspecies of the house sparrow, Passer domesticus. We focused
on five subspecies from the Middle East because they show great
variation in many ecological traits and because this region is the
probable origin for the house sparrow’s commensal relationship with
humans. We analysed house sparrows from Spain as an outgroup.
The level of variation in DNA methylation was similar among the five
house sparrow subspecies from the Middle East despite high
phenotypic and environmental variation, but the non-commensal
subspecies was differentiated from the other four (commensal)
Middle Eastern subspecies. Further, the European subspecies was
differentiated from all other subspecies in DNA methylation. Our
results indicate that variation in DNA methylation does not strictly
follow subspecies designations. We detected a correlation between
methylation level and some morphological traits, such as
standardized bill length, and we suggest that part of the high
morphological variation in the native populations of the house
sparrow is influenced by differentially methylated regions in specific
loci throughout the genome. We also detected 10 differentially
methylated loci among subspecies and three loci that differentiated
between commensal or non-commensal status. Therefore, the MSAP
technique detected larger scale differences among the European and
non-commensal subspecies, but did not detect finer scale differences
among the other Middle Eastern subspecies</subfield>
   </datafield>
   <datafield ind1="8" ind2=" " tag="024">
      <subfield code="a">http://hdl.handle.net/2072/361252</subfield>
   </datafield>
   <datafield ind1="8" ind2=" " tag="024">
      <subfield code="a">https://doi.org/10.1242/jeb.169268</subfield>
   </datafield>
   <datafield ind2="0" ind1="0" tag="245">
      <subfield code="a">Natural epigenetic variation within and among six subspecies of the house sparrow, Passer domesticus</subfield>
   </datafield>
</record></metadata></record></GetRecord></OAI-PMH>